00873nam a22002418a 450000500170000000800410001701000140005802000260007202000230009803500130012103700150013404000180014908200150016710000210018224500930020326000400029630000280033650000240036465000500038894200290043899900170046795201470048420081024151836.0080626s2008 cau 000 0 eng  aENG-91768 a9780070221659c195.00 a0070221650c195.00 aEN-75301 bDBAD / PUb adplbEnglish  a647.940683 aAndrews, Sudhir  aHuman resource management:cby Sudhir Andrewsba textbook for the hospitality industry / aNew Delhi bTata McGraw-Hill,c2009 axv, 378p. c25cm (pbk)  aIncludes references aHospitality industry xPersonnel management. 2ddccENmANDh647.940683 c19020d19020 00102ddc40718NFICaDBADbDBADd2008-11-24eDBAD / PUBg195.00l0o647.940683 ANDpEN-75301r2008-11-24 00:00:00t1v195.00w2008-11-24yEN